000 01055cam a22002777i 4500
001 23478187
003 OSt
005 20260429154747.0
008 231221s1989 nyua b 001 0 eng
010 _a 2023301841
020 _a0934590496
_q(hbk.)
035 _a23478187
040 _aDLC
_beng
_erda
_cFoundation University
050 0 0 _aNC 1002.S54
_bS83 1992
245 0 0 _aSuccessful sign design :
_bby the editors of signs of the Times magazine.
264 1 _aNew York :
_bRetail Reporting Corporation,
_c1992
_41992
300 _a255 pages :
_bchiefly color illustrations ;
_c32 cm
_3books
_fbooks
336 _atext
_btxt
_2rdacontent
_3books
337 _aunmediated
_bn
_2rdamedia
_3books
338 _avolume
_bnc
_2rdacarrier
_3books
504 _aIncludes bibliographical references and index.
906 _a7
_bcbc
_corignew
_d4
_encip
_f20
_gy-gencatlg
942 _2lcc
_cBK
_hNC 1002.S54
_i.1992 S83
_k(DAFA-FA)
999 _c5818
_d5818